000
00248nam a2200097Ia 4500
008
240331s9999 xx 000 0 und d
082
_b
PAL
100
_a
Palanithurai, G
245
0
_a
Dynamics of Tamil Nadu politics in Sri Lankan ethnicity
942
_c
L
999
_c
2280
_d
2280